Online
Catalog

Ritos funerarios. Acción del fuego y medio ambiente en las osamentas precolombinas / (Record no. 26666)

MARC details
000 -CABECERA
campo de control de longitud fija 00983nam a2200277 a 4500
001 - NÚMERO DE CONTROL
campo de control 000027174
003 - IDENTIFICADOR DEL NÚMERO DE CONTROL
campo de control DO-SdBNP
005 - FECHA Y HORA DE LA ÚLTIMA TRANSACCIÓN
campo de control 20251112114425.0
007 - CAMPO FIJO DE DESCRIPCIÓN FÍSICA--INFORMACIÓN GENERAL
campo de control de longitud fija ta
008 - DATOS DE LONGITUD FIJA--INFORMACIÓN GENERAL
campo de control de longitud fija 110330s1979 dr ao er 001 e spa d
040 ## - FUENTE DE LA CATALOGACIÓN
Centro catalogador/agencia de origen DO-SdBNP
Lengua de catalogación spa
Centro/agencia transcriptor BNPHU
082 #4 - NÚMERO DE LA CLASIFICACIÓN DECIMAL DEWEY
Número de documento/Ítem M832r
Número de edición 22
100 1# - ENTRADA PRINCIPAL--NOMBRE DE PERSONA
Nombre de persona Morbán Laucer, Fernando
9 (RLIN) 54241
245 10 - MENCIÓN DE TÍTULO
Título Ritos funerarios. Acción del fuego y medio ambiente en las osamentas precolombinas /
Mención de responsabilidad, etc. Fernando Morbán Laucer.
260 ## - PUBLICACIÓN, DISTRIBUCIÓN, ETC.
Lugar de publicación, distribución, etc. Santo Domingo :
Nombre del editor, distribuidor, etc. Academia de Ciencias de la República Dominicana,
Fecha de publicación, distribución, etc. 1979
300 ## - DESCRIPCIÓN FÍSICA
Extensión 157 p. :
Otras características físicas il., fotograf. ;
Dimensiones 23 cm.
490 ## - MENCIÓN DE SERIE
Mención de serie Comisión de Arqueología;
Número Internacional Normalizado para Publicaciones Seriadas 1
500 ## - NOTA GENERAL
Nota general Incluye notas al pie de las páginas.
504 ## - NOTA DE BIBLIOGRAFÍA, ETC.
Nota de bibliografía, etc. Bibliografía : p. 151-157
590 ## - NOTA LOCAL (RLIN)
Nota local Inventariado 2022 / MF
650 #0 - PUNTO DE ACCESO ADICIONAL DE MATERIA--TÉRMINO DE MATERIA
Término de materia o nombre geográfico como elemento de entrada INDIOS
Subdivisión geográfica AMÉRICA DEL SUR
Subdivisión general CONDICIONES SOCIALES
9 (RLIN) 15406
650 #4 - PUNTO DE ACCESO ADICIONAL DE MATERIA--TÉRMINO DE MATERIA
Término de materia o nombre geográfico como elemento de entrada Aqueología Indígena
Subdivisión geográfica América del Sur
9 (RLIN) 16016
650 #4 - PUNTO DE ACCESO ADICIONAL DE MATERIA--TÉRMINO DE MATERIA
Término de materia o nombre geográfico como elemento de entrada Osamenta Precolombina
9 (RLIN) 34175
910 ## - DATOS DE OPCIÓN DEL USUARIO (OCLC)
Datos de opción del usuario MFeliz
942 ## - ELEMENTOS DE PUNTO DE ACCESO ADICIONAL (KOHA)
Fuente del sistema de clasificación o colocación Dewey Decimal Classification
Tipo de ítem Koha Libro
Holdings
Estado de retiro Estado de pérdida Fuente del sistema de clasificación o colocación Restricciones de uso No para préstamo Código de colección Localización permanente Ubicación/localización actual Ubicación en estantería Fecha de adquisición Signatura topográfica completa Código de barras Fecha visto por última vez Número de copia Precio válido a partir de Tipo de ítem Koha Fuente de adquisición Total de préstamos
    Dewey Decimal Classification Préstamo en sala   Patrimonio Dominicano Biblioteca Nacional Pedro Henríquez Ureña Biblioteca Nacional Pedro Henríquez Ureña En catalogación 30.03.2011 M832r 27174- 30 25.06.2020 e.3 25.06.2020 Libro    
    Dewey Decimal Classification Excluido de préstamo   Patrimonio Dominicano Biblioteca Nacional Pedro Henríquez Ureña Biblioteca Nacional Pedro Henríquez Ureña En catalogación 15.07.2013 M832r 27174-10 25.06.2020   25.06.2020 Libro    
    Dewey Decimal Classification   Excluido de préstamo Patrimonio Dominicano Biblioteca Nacional Pedro Henríquez Ureña Biblioteca Nacional Pedro Henríquez Ureña En catalogación 30.03.2011 M832r 27174-40 25.06.2020 e.4 25.06.2020 Libro    
    Dewey Decimal Classification   Excluido de préstamo Patrimonio Dominicano Biblioteca Nacional Pedro Henríquez Ureña Biblioteca Nacional Pedro Henríquez Ureña En catalogación 30.03.2011 M832r 27174-20 25.06.2020 e.2 25.06.2020 Libro    
    Dewey Decimal Classification Préstamo en sala   Dominicana de Servicio Biblioteca Nacional Pedro Henríquez Ureña Biblioteca Nacional Pedro Henríquez Ureña En catalogación 17.06.2014 M832r 2022-4349 17.10.2022 e.5 17.10.2022 Libro Donado por Familia Reyes Duluc  

Powered by Koha